[Event "IECC O-3078"]
[Site "IECC email"]
[Date "2010.01.09"]
[Round "?"]
[White "Stenhouse, John"]
[Black "Stringer Lester, Della Diane"]
[Result "0-1"]
[WhiteElo "990"]
[BlackElo "1035"]
[PlyCount "88"]
[EventDate "2010.??.??"]
[EventType "swiss (corr)"]
[EventRounds "2"]
[SourceTitle "Telechess CBM 149"]
[Source "ChessBase"]
[SourceDate "2012.07.17"]
[SourceVersion "1"]
[SourceVersionDate "2012.07.17"]
[SourceQuality "1"]
[WhiteTeam "Scotland"]
[WhiteTeamCountry "SCO"]

1. c4 g6 2. Nf3 Bg7 3. d4 Nf6 4. Bf4 d6 5. e3 Nh5 6. Bd3 Nxf4 7. exf4 Nc6 8. 0-0 0-0 9. Bc2 e5 10. Qd2 exd4 11. Re1 a5 12. Na3 Nb4 13. Ba4 d3 14. Nc2 Bxb2 15. Nfd4 Bxa1 16. Rxa1 c5 17. Nxb4 cxb4 18. Qxd3 Qf6 19. Qd2 Be6 20. Rc1 Rac8 21. Bb3 Rfd8 22. g3 a4 23. Qe3 b5 24. Bd1 bxc4 25. Bxa4 Bh3 26. Nf3 d5 27. Ng5 d4 28. Qe1 Be6 29. Nxe6 Qxe6 30. Kg2 Qb6 31. Rb1 c3 32. Bb3 d3 33. Qe7 Rf8 34. a3 Qc6+ 35. f3 c2 36. Rc1 Qc3 37. Qg5 Qxb3 38. axb4 d2 39. Ra1 d1Q 40. Rxd1 cxd1Q 41. f5 Qbxf3+ 42. Kh3 Qdf1+ 43. Kh4 Rc2 44. Qh6 Rc4+ 0-1